[Event "Mittelfranken-ch QT"]
[Site "Nuremberg"]
[Date "2019.04.19"]
[Round "6.9"]
[White "Schanz, Karlheinz"]
[Black "Floegel, Marco"]
[Result "0-1"]
[WhiteElo "1877"]
[BlackElo "1638"]
[PlyCount "84"]
[EventDate "2019.04.17"]
[EventType "swiss"]
[EventRounds "7"]
[EventCountry "GER"]
[SourceTitle "EXT 2022"]
[Source "ChessBase"]
[SourceDate "2021.10.06"]
[SourceVersion "1"]
[SourceVersionDate "2021.10.06"]
[SourceQuality "1"]

1. e4 d5 2. exd5 Nf6 3. d4 Nxd5 4. c4 Nf6 5. Be2 Bf5 6. Nc3 e6 7. a3 Nbd7 8. Bf3 c6 9. Be3 e5 10. d5 cxd5 11. Nxd5 e4 12. Be2 Be6 13. Nf4 Qa5+ 14. b4 Qe5 15. Nxe6 Qxe6 16. Qc2 Bd6 17. c5 Be5 18. Rd1 0-0 19. h3 Nd5 20. Bd4 f5 21. Bc4 N7f6 22. Ne2 Kh8 23. Qb3 Rad8 24. 0-0 f4 25. Nxf4 Qf5 26. Bxe5 Nxf4 27. Bxf4 Qxf4 28. Qe3 Qf5 29. Rd4 Rde8 30. Rfd1 Nh5 31. g4 Qg6 32. Bb5 Re6 33. Rd8 Ref6 34. Rxf8+ Rxf8 35. Rd6 Nf6 36. Qd4 h5 37. Be2 Qg5 38. Qe3 Qe5 39. g5 Nd5 40. Qd2 Nf4 41. h4 Nh3+ 42. Kg2 Rxf2+ 0-1

[Event "Mittelfranken-ch QT"]
[Site "Nuremberg"]
[Date "2015.04.02"]
[Round "4"]
[White "Schanz, Karlheinz"]
[Black "Weissmann, Peter"]
[Result "0-1"]
[WhiteElo "1905"]
[BlackElo "1795"]
[PlyCount "56"]
[EventDate "2015.04.01"]
[EventType "swiss"]
[EventRounds "7"]
[EventCountry "GER"]
[SourceTitle "CBM 166 Extra"]
[Source "ChessBase"]
[SourceDate "2015.06.18"]
[SourceVersion "1"]
[SourceVersionDate "2015.06.18"]
[SourceQuality "1"]

1. e4 c5 2. Nf3 Nc6 3. Bb5 g6 4. 0-0 Bg7 5. c3 d5 6. d3 dxe4 7. dxe4 Qb6 8. Be2 Bg4 9. Qc2 Qc7 10. Be3 Bxf3 11. Bxf3 Ne5 12. Be2 a6 13. a4 Nf6 14. h3 Qc6 15. f4 Ned7 16. Nd2 0-0 17. Bf3 e5 18. f5 b5 19. g4 c4 20. g5 Nh5 21. Bxh5 gxh5 22. f6 Bh8 23. h4 Nc5 24. axb5 axb5 25. Rxa8 Rxa8 26. Kg2 Nd3 27. b3 Qe6 28. Rf5 Ne1+ 0-1

[Event "Mittelfranken-ch QT"]
[Site "Mittelfranken"]
[Date "2014.04.17"]
[Round "4.2"]
[White "Corral, Carlos"]
[Black "Schanz, Karlheinz"]
[Result "1-0"]
[WhiteElo "1989"]
[BlackElo "1914"]
[PlyCount "61"]
[EventDate "2014.04.16"]
[EventType "swiss"]
[EventRounds "7"]
[EventCountry "GER"]
[SourceTitle "EXT 2022"]
[Source "ChessBase"]
[SourceDate "2021.10.06"]
[SourceVersion "1"]
[SourceVersionDate "2021.10.06"]
[SourceQuality "1"]

1. e4 c5 2. Nf3 g6 3. d4 Bg7 4. Nc3 b6 5. dxc5 bxc5 6. Qd5 Nc6 7. Bc4 e6 8. Qxc5 Bf8 9. Qe3 a6 10. 0-0 Nf6 11. e5 Ng4 12. Qf4 h5 13. Ne4 Be7 14. Nd6+ Bxd6 15. exd6 Qf6 16. Qg3 Nge5 17. Nxe5 Qxe5 18. Qa3 Qa5 19. Qf3 Qc5 20. b3 Qxd6 21. Bb2 Rg8 22. Rad1 Qc7 23. Rfe1 Bb7 24. Qf6 Qd8 25. Qf4 Qb8 26. Qg5 Qd8 27. Bf6 Qc7 28. Qc5 Qa5 29. Qd6 Bc8 30. Re5 Qb4 31. Qxc6 1-0

[Event "Mittelfranken-ch qual"]
[Site "Wachendorf"]
[Date "2013.03.28"]
[Round "5.4"]
[White "Walch, Roger"]
[Black "Schanz, Karlheinz"]
[Result "0-1"]
[WhiteElo "1749"]
[BlackElo "1923"]
[PlyCount "58"]
[EventDate "2013.03.27"]
[EventType "swiss"]
[EventRounds "7"]
[EventCountry "GER"]
[SourceTitle "EXT 2022"]
[Source "ChessBase"]
[SourceDate "2021.10.06"]
[SourceVersion "1"]
[SourceVersionDate "2021.10.06"]
[SourceQuality "1"]

1. e4 c5 2. Nf3 d6 3. d4 cxd4 4. Nxd4 g6 5. Be3 Bg7 6. Qd2 Nc6 7. Nc3 Bd7 8. a3 Nf6 9. f3 0-0 10. 0-0-0 Nxd4 11. Bxd4 a6 12. h4 b5 13. Nd5 Nxd5 14. Bxg7 Kxg7 15. Qxd5 Be6 16. Qd2 h6 17. g4 Rc8 18. Rg1 Qb6 19. Be2 Bc4 20. Rg2 Bxe2 21. Rxe2 Rc4 22. b3 Rc7 23. h5 Rfc8 24. Qd3 Rc3 25. Qd5 Qc5 26. Qxc5 R8xc5 27. b4 Rc7 28. Rf1 Rxa3 29. hxg6 Ra1+ 0-1

[Event "Mittelfranken Mitte-ch 1112"]
[Site "Zirndorf"]
[Date "2012.01.06"]
[Round "3"]
[White "Schanz, Karlheinz"]
[Black "Hansen, Roland"]
[Result "1-0"]
[WhiteElo "1758"]
[BlackElo "1472"]
[PlyCount "78"]
[EventDate "2012.01.05"]
[EventType "swiss"]
[EventRounds "7"]
[EventCountry "GER"]
[SourceTitle "EXT 2015"]
[Source "ChessBase"]
[SourceDate "2014.11.20"]
[SourceVersion "1"]
[SourceVersionDate "2014.11.20"]
[SourceQuality "1"]

1. e4 e5 2. Nf3 Nf6 3. Nc3 Nc6 4. Bc4 Nxe4 5. Bxf7+ Kxf7 6. Nxe4 d5 7. Neg5+ Kg8 8. d3 h6 9. Nh3 Bg4 10. Nhg1 Bc5 11. h3 Bh5 12. g4 Bg6 13. c3 Qf6 14. Rh2 e4 15. d4 Bd6 16. Ne5 Nxe5 17. dxe5 Bxe5 18. Rg2 Qe6 19. Qb3 b6 20. Be3 Kh7 21. 0-0-0 Bf7 22. Ne2 c5 23. Kb1 Rhd8 24. h4 d4 25. Qxe6 Bxe6 26. cxd4 Rd7 27. g5 cxd4 28. Bf4 Bxf4 29. Nxf4 Bf5 30. Ka1 Rad8 31. gxh6 gxh6 32. Nh5 Rf8 33. b3 Bg6 34. Ng3 Rd5 35. Kb2 Rfd8 36. Nf1 Bh5 37. Rd2 Bf3 38. Rg3 R5d7 39. Nh2 Bh5 1-0

[Event "Mittelfranken Mitte-ch 1112"]
[Site "Zirndorf"]
[Date "2012.01.06"]
[Round "2"]
[White "Wagner, Hans1111"]
[Black "Schanz, Karlheinz"]
[Result "1-0"]
[WhiteElo "2091"]
[BlackElo "1758"]
[PlyCount "35"]
[EventDate "2012.01.05"]
[EventType "swiss"]
[EventRounds "7"]
[EventCountry "GER"]
[SourceTitle "EXT 2015"]
[Source "ChessBase"]
[SourceDate "2014.11.20"]
[SourceVersion "1"]
[SourceVersionDate "2014.11.20"]
[SourceQuality "1"]

1. d4 f5 2. c4 Nf6 3. Nf3 d6 4. Nc3 c6 5. d5 e5 6. dxe6 Bxe6 7. Qd3 Na6 8. Nd4 Nc5 9. Qe3 Kf7 10. b4 Nce4 11. Nxe6 Kxe6 12. f3 d5 13. fxe4 fxe4 14. Rb1 d4 15. Qh3+ Kf7 16. Na4 b6 17. g4 Qc7 18. g5 1-0

[Event "Mittelfranken-ch HT 60th"]
[Site "Buechenbach/Roth"]
[Date "2011.04.19"]
[Round "1"]
[White "Schanz, Karlheinz"]
[Black "Meulner, Klaus"]
[Result "1/2-1/2"]
[WhiteElo "1817"]
[BlackElo "2106"]
[PlyCount "139"]
[EventDate "2011.04.19"]
[EventType "swiss"]
[EventRounds "9"]
[EventCountry "GER"]
[SourceTitle "CBM 142 Extra"]
[Source "ChessBase"]
[SourceDate "2011.06.27"]
[SourceVersion "1"]
[SourceVersionDate "2011.06.27"]
[SourceQuality "1"]

1. e4 c5 2. Nc3 Nc6 3. g3 g6 4. Bg2 Bg7 5. Nge2 Rb8 6. 0-0 b5 7. d3 d6 8. Nd5 e6 9. Ne3 Nge7 10. c3 0-0 11. Qc2 a5 12. Rb1 Ba6 13. b3 b4 14. c4 Nd4 15. Nxd4 cxd4 16. Nd1 Qc7 17. Bf4 Nc6 18. Nb2 Ne5 19. Qd2 Rfc8 20. Qd1 Bb7 21. Rc1 Nd7 22. Qe2 Nc5 23. Bd2 Bc6 24. f4 Re8 25. Rfe1 f5 26. exf5 gxf5 27. Qf1 Qb7 28. Bxc6 Qxc6 29. Qg2 Qxg2+ 30. Kxg2 e5 31. Re2 Re6 32. Rce1 Rbe8 33. Kf1 Kf7 34. Rf2 e4 35. Rfe2 h5 36. Rg2 e3 37. Bc1 Rg6 38. Ke2 Bf6 39. h3 Ra8 40. Kf3 Rag8 41. Reg1 Rh8 42. Ke2 Ke6 43. Kf3 Rgg8 44. Re2 Rh7 45. Bd2 Rhg7 46. Be1 Rc8 47. Rc2 Rgc7 48. Ke2 Rb7 49. Rg2 Ra8 50. Kf3 a4 51. bxa4 b3 52. axb3 Rxb3 53. Ke2 Rab8 54. Kf1 Bd8 55. Rge2 Ra3 56. a5 Ra1 57. Kg2 Rb3 58. Bf2 Bxa5 59. Bxe3 dxe3 60. Rxe3+ Kd7 61. Rce2 Rb1 62. Re7+ Kc6 63. d4 Ne4 64. Na4 d5 65. cxd5+ Kb5 66. Nc5 Kc4 67. Nxe4 fxe4 68. R7xe4 Rd3 69. Re5 h4 70. R5e3 1/2-1/2

[Event "Mittelfranken-chTB2b 1011"]
[Site "Germany"]
[Date "2011.01.23"]
[Round "5.8"]
[White "Loebel, Petra"]
[Black "Schanz, Karlheinz"]
[Result "1-0"]
[WhiteElo "1785"]
[BlackElo "1863"]
[PlyCount "67"]
[EventDate "2010.09.26"]
[EventType "team-tourn"]
[EventRounds "9"]
[EventCountry "GER"]
[SourceTitle "EXT 2012"]
[Source "ChessBase"]
[SourceDate "2011.11.24"]
[SourceVersion "1"]
[SourceVersionDate "2011.11.24"]
[SourceQuality "1"]
[WhiteTeam "Nuernberg NT IV"]
[BlackTeam "Muehlhof/Schwabach"]
[WhiteTeamCountry "GER"]
[BlackTeamCountry "GER"]

1. e4 c6 2. d3 d5 3. Nd2 Nf6 4. Ngf3 e6 5. g3 Na6 6. Bg2 Be7 7. 0-0 0-0 8. e5 Nd7 9. Re1 b6 10. h4 h6 11. Nf1 Re8 12. N1h2 Bb7 13. h5 c5 14. c3 b5 15. a3 Nc7 16. d4 Rc8 17. Ng4 Bf8 18. Nh4 cxd4 19. cxd4 Na8 20. Qd3 Ba6 21. Bf1 Rc6 22. Qb3 Qb6 23. Be3 Rec8 24. Nf3 Qb7 25. Bd3 Nc7 26. Rec1 Rxc1+ 27. Rxc1 Nb6 28. Bb1 Ne8 29. Rxc8 Nxc8 30. Qc2 f5 31. exf6 Nxf6 32. Qg6 Nxg4 33. Qxe6+ Qf7 34. Bh7+ 1-0

[Event "Mittelfranken Mitte-ch 1011"]
[Site "Zirndorf"]
[Date "2011.01.06"]
[Round "2"]
[White "Lais, Thomas"]
[Black "Schanz, Karlheinz"]
[Result "1-0"]
[WhiteElo "1986"]
[BlackElo "1818"]
[PlyCount "45"]
[EventDate "2011.01.06"]
[EventType "swiss"]
[EventRounds "7"]
[EventCountry "GER"]
[SourceTitle "EXT 2015"]
[Source "ChessBase"]
[SourceDate "2014.11.20"]
[SourceVersion "1"]
[SourceVersionDate "2014.11.20"]
[SourceQuality "1"]

1. e4 c5 2. Nf3 d6 3. d4 cxd4 4. Nxd4 g6 5. Nc3 Bg7 6. Be3 a6 7. Qd2 Nd7 8. f3 Nb6 9. 0-0-0 Bd7 10. Kb1 Rc8 11. Nd5 Na8 12. Nb3 Nf6 13. Bh6 0-0 14. Bxg7 Kxg7 15. Nxf6 Kxf6 16. Qd4+ Kg5 17. Qg7 Qc7 18. h4+ Kf4 19. Qh6+ Ke5 20. Qg5+ f5 21. Qxe7+ Be6 22. Rd5+ Kf4 23. Qg5# 1-0

[Event "Mittelfranken-ch QT 59th"]
[Site "Forchheim"]
[Date "2010.04.02"]
[Round "6"]
[White "Corral, Carlos"]
[Black "Schanz, Karlheinz"]
[Result "1-0"]
[WhiteElo "1882"]
[BlackElo "1833"]
[PlyCount "67"]
[EventDate "2010.03.31"]
[EventType "swiss"]
[EventRounds "7"]
[EventCountry "GER"]
[SourceTitle "EXT 2011"]
[Source "ChessBase"]
[SourceDate "2010.11.26"]
[SourceVersion "1"]
[SourceVersionDate "2010.11.26"]
[SourceQuality "1"]

1. e4 d5 2. exd5 Qxd5 3. Nc3 Qa5 4. Rb1 c6 5. b4 Qc7 6. g3 e5 7. Bg2 Be6 8. Nge2 Nf6 9. 0-0 Bd6 10. d4 0-0 11. a4 Nbd7 12. f4 exd4 13. Nxd4 Bc4 14. Re1 Rae8 15. Be3 Nb6 16. Nf5 Rd8 17. Nxd6 Rxd6 18. Qf3 Re8 19. a5 Nc8 20. h3 Qd7 21. Qf2 a6 22. Rbd1 Rxd1 23. Rxd1 Qe6 24. Bc5 Nd7 25. f5 Qf6 26. Ne4 Qd8 27. Qd4 Bd5 28. c4 Bxe4 29. Bxe4 Qc7 30. Qxd7 Qxg3+ 31. Bg2 Re1+ 32. Rxe1 Qxe1+ 33. Kh2 Qe5+ 34. Kh1 1-0

[Event "Mittelfranken-ch QT 59th"]
[Site "Forchheim"]
[Date "2010.03.31"]
[Round "2"]
[White "Muenzenberg, Dietrich"]
[Black "Schanz, Karlheinz"]
[Result "0-1"]
[WhiteElo "1596"]
[BlackElo "1833"]
[PlyCount "88"]
[EventDate "2010.03.31"]
[EventType "swiss"]
[EventRounds "7"]
[EventCountry "GER"]
[SourceTitle "EXT 2011"]
[Source "ChessBase"]
[SourceDate "2010.11.26"]
[SourceVersion "1"]
[SourceVersionDate "2010.11.26"]
[SourceQuality "1"]

1. d4 f5 2. g4 fxg4 3. h3 d6 4. hxg4 Bxg4 5. Qd3 Nf6 6. Bg5 Nbd7 7. f3 Bh5 8. Bxf6 Bg6 9. Bxe7 Bxe7 10. e4 Bh4+ 11. Ke2 Qe7 12. Nd2 0-0-0 13. Bh3 Kb8 14. c4 Bg5 15. Bg2 Rhf8 16. Nh3 Bh6 17. Rhf1 Qh4 18. Rf2 Nf6 19. Rh1 Nh5 20. Kf1 Ng3+ 21. Kg1 Nxh1 22. Kxh1 Bf4 23. b4 Be8 24. Kg1 Bg3 25. Re2 Rf6 26. Nf1 Rg6 27. Qd2 Bd7 28. Nxg3 Bxh3 29. Nf1 Rf8 30. Nh2 Rg3 31. Rf2 h5 32. Qe2 Qg5 33. Nf1 Rxg2+ 34. Rxg2 Bxg2 35. Qxg2 Qf4 36. Nh2 g5 37. Qe2 Re8 38. Kg2 g4 39. fxg4 hxg4 40. Qxg4 Qxe4+ 41. Qxe4 Rxe4 42. Nf3 Re2+ 43. Kg3 Rxa2 44. c5 Rb2 0-1

[Event "Mittelfranken Mitte-ch 0910"]
[Site "Zirndorf"]
[Date "2010.01.09"]
[Round "7"]
[White "Lais, Thomas"]
[Black "Schanz, Karlheinz"]
[Result "1-0"]
[WhiteElo "1883"]
[BlackElo "1954"]
[PlyCount "117"]
[EventDate "2010.01.03"]
[EventType "swiss"]
[EventRounds "7"]
[EventCountry "GER"]
[SourceTitle "EXT 2015"]
[Source "ChessBase"]
[SourceDate "2014.11.20"]
[SourceVersion "1"]
[SourceVersionDate "2014.11.20"]
[SourceQuality "1"]

1. e4 d5 2. exd5 Qxd5 3. Nc3 Qa5 4. d4 c6 5. Nf3 Nf6 6. Bc4 Bg4 7. h3 Bh5 8. g4 Bg6 9. Qe2 Nbd7 10. Bd2 Qc7 11. 0-0-0 Nb6 12. Ne5 Nfd5 13. Nxd5 Nxd5 14. Bxd5 cxd5 15. Qb5+ Kd8 16. Qxd5+ Kc8 17. Nxg6 e6 18. Qb5 fxg6 19. Qe8+ Qd8 20. Qxe6+ Qd7 21. Rhe1 Bd6 22. Re4 b6 23. Rde1 Qxe6 24. Rxe6 Kd7 25. R6e4 Rhf8 26. f4 Rf7 27. Kd1 Raf8 28. Ke2 Bxf4 29. Bxf4 Rxf4 30. Rxf4 Rxf4 31. Ke3 g5 32. Re2 Rf7 33. Rf2 Re7+ 34. Kd3 Kd6 35. c4 Rc7 36. b4 Re7 37. c5+ Kc6 38. Re2 Rf7 39. a4 Kd7 40. Re3 Rf1 41. Kc4 Rb1 42. cxb6 axb6 43. Rd3 Kd6 44. d5 Re1 45. Kb5 Re4 46. Rb3 Kxd5 47. Kxb6 Kc4 48. Rb1 Re6+ 49. Kc7 Re7+ 50. Kd6 Rf7 51. b5 Rf6+ 52. Ke7 Rb6 53. a5 Rb7+ 54. Ke6 Kc5 55. b6 Kc6 56. a6 Rxb6 57. Rxb6+ Kxb6 58. Kf7 Kxa6 59. Kxg7 1-0

[Event "Mittelfranken Mitte-ch 0910"]
[Site "Zirndorf"]
[Date "2010.01.03"]
[Round "2"]
[White "Rausch, Wolfgang"]
[Black "Schanz, Karlheinz"]
[Result "1/2-1/2"]
[WhiteElo "2003"]
[BlackElo "1954"]
[PlyCount "131"]
[EventDate "2010.01.03"]
[EventType "swiss"]
[EventRounds "7"]
[EventCountry "GER"]
[SourceTitle "EXT 2015"]
[Source "ChessBase"]
[SourceDate "2014.11.20"]
[SourceVersion "1"]
[SourceVersionDate "2014.11.20"]
[SourceQuality "1"]

1. d4 f5 2. g3 Nf6 3. Bg2 c6 4. Nh3 Na6 5. f3 d6 6. Nf2 g6 7. e4 Bg7 8. 0-0 0-0 9. e5 Ne8 10. f4 d5 11. b3 Nec7 12. Be3 e6 13. Nd3 Rf7 14. Nd2 b6 15. c3 Bb7 16. Nf3 Qe8 17. Qd2 Rd7 18. h3 h6 19. g4 Bf8 20. gxf5 exf5 21. Kh2 Rg7 22. Rg1 Ne6 23. Qf2 Be7 24. Bh1 Kh7 25. Rad1 Qf7 26. Nh4 Rag8 27. c4 Nac7 28. a4 Ba6 29. Rc1 Qe8 30. Nf3 Qd7 31. Qd2 Bb7 32. c5 bxc5 33. Nxc5 Nxc5 34. dxc5 Ne6 35. b4 a6 36. Qd3 Ra8 37. Rc2 Rgg8 38. h4 h5 39. Bg2 Qe8 40. Bh3 Qf7 41. Rcg2 Raf8 42. Rc2 Kh6 43. b5 axb5 44. axb5 Ra8 45. Qb3 Bd8 46. b6 Be7 47. Rgc1 Ra5 48. Ng5 Bxg5 49. hxg5+ Kg7 50. Bg2 Rd8 51. Qb4 Rb5 52. Qd2 Qe7 53. Bf1 Rb3 54. Rb2 Ra3 55. Ra2 Rxa2 56. Qxa2 Ra8 57. Qf2 Ra4 58. Rd1 Qe8 59. Bg2 Qa8 60. Rd2 Kf7 61. Rc2 Nf8 62. Bd4 Ke6 63. Bf3 Nd7 64. Kg3 Nb8 65. Be2 Na6 66. Bxa6 1/2-1/2

[Event "Mittelfranken-chTB1 0910"]
[Site "Mittelfranken"]
[Date "2009.10.11"]
[Round "1.4"]
[White "Schanz, Karlheinz"]
[Black "Pasedag, Peter"]
[Result "0-1"]
[WhiteElo "1805"]
[BlackElo "2139"]
[PlyCount "92"]
[EventDate "2009.10.11"]
[EventType "team-tourn"]
[EventRounds "9"]
[EventCountry "GER"]
[SourceTitle "EXT 2011"]
[Source "ChessBase"]
[SourceDate "2010.11.26"]
[SourceVersion "1"]
[SourceVersionDate "2010.11.26"]
[SourceQuality "1"]
[WhiteTeam "Muehlhof/Mfr"]
[BlackTeam "Fuerth SF"]
[WhiteTeamCountry "GER"]
[BlackTeamCountry "GER"]

1. e4 c5 2. Nf3 Nc6 3. d4 cxd4 4. Nxd4 d5 5. Nxc6 bxc6 6. exd5 Qxd5 7. Qxd5 cxd5 8. Bb5+ Bd7 9. Bxd7+ Kxd7 10. 0-0 e6 11. Nd2 Rc8 12. c3 Bc5 13. Nb3 Bb6 14. Bg5 f6 15. Be3 Bxe3 16. fxe3 f5 17. Rad1 Nf6 18. Rfe1 Ke7 19. Nd4 Rc7 20. Re2 Rb8 21. Rf1 g6 22. Rc1 Ne4 23. Kf1 Kf6 24. Rec2 Nd6 25. b3 Rbc8 26. Ke1 e5 27. Ne2 Ke6 28. Rd1 Ne4 29. Rdc1 a5 30. c4 dxc4 31. Rxc4 Rxc4 32. Rxc4 Rxc4 33. bxc4 Kd6 34. Nc1 Kc5 35. Nd3+ Kxc4 36. Nxe5+ Kc3 37. Ke2 a4 38. Nd3 a3 39. Ne5 Nc5 40. Nc6 Nd3 41. Kd1 Nf2+ 42. Ke2 Ng4 43. h3 Nf6 44. Ne5 Nd5 45. Nd3 Kc2 46. g4 Nc3+ 0-1

[Event "Mittelfranken-chTB2b 0809"]
[Site "Mittelfranken"]
[Date "2009.04.26"]
[Round "9.4"]
[White "Mueller, Roland2222"]
[Black "Schanz, Karlheinz"]
[Result "0-1"]
[WhiteElo "1705"]
[BlackElo "1831"]
[PlyCount "138"]
[EventDate "2008.10.12"]
[EventType "team"]
[EventRounds "9"]
[EventCountry "GER"]
[SourceTitle "EXT 2011"]
[Source "ChessBase"]
[SourceDate "2010.11.26"]
[SourceVersion "1"]
[SourceVersionDate "2010.11.26"]
[SourceQuality "1"]
[WhiteTeam "Lauf II"]
[BlackTeam "Muehlhof/Schwabach"]
[WhiteTeamCountry "GER"]
[BlackTeamCountry "GER"]

1. b3 d5 2. Bb2 Bf5 3. Nf3 e6 4. e3 Nf6 5. Be2 h6 6. d3 Nbd7 7. Nbd2 Bc5 8. c4 c6 9. Qc2 Qe7 10. a3 0-0 11. b4 Bd6 12. 0-0 e5 13. e4 dxe4 14. dxe4 Bg4 15. Rfd1 c5 16. b5 Rad8 17. Nf1 Bc7 18. Ne3 Be6 19. Rd2 Ng4 20. Nd5 Bxd5 21. cxd5 Bd6 22. h3 Ngf6 23. Nh4 g6 24. Qd3 Nh7 25. Qg3 Qg5 26. Rd3 Qxg3 27. Rxg3 Ng5 28. Bd3 Kh7 29. Rf1 Be7 30. Nf3 Nxf3+ 31. Rxf3 Bd6 32. Bc1 Kg7 33. Rg3 Rc8 34. a4 c4 35. Bc2 Bc5 36. Be3 Bb4 37. f4 f6 38. h4 exf4 39. Bxf4 Ne5 40. Bxe5 fxe5 41. Rgf3 Bc5+ 42. Kh2 Rxf3 43. Rxf3 Bd4 44. g4 Rf8 45. Kg2 Rf6 46. Rxf6 Kxf6 47. Kf3 g5 48. h5 Ke7 49. Ke2 Kd6 50. Kd2 Kc5 51. Ke2 Kb4 52. Kd2 Bc5 53. Bd1 Bd4 54. Bc2 Bb6 55. Bd1 Kc5 56. Bc2 Ba5+ 57. Ke3 Kb4 58. Kd2 Ka3+ 59. Kc1 Ka2 60. Bb1+ Kb3 61. Bc2+ Kc3 62. Bb1 Kd4 63. Kb2 Ke3 64. d6 Kf4 65. Bc2 Kxg4 66. Bd1+ Kf4 67. d7 g4 68. d8Q Bxd8 69. Kc3 g3 0-1

[Event "Mittelfranken-ch HT 58th"]
[Site "Postbauer"]
[Date "2009.04.08"]
[Round "3.10"]
[White "Ross, Thomas"]
[Black "Schanz, Karlheinz"]
[Result "1-0"]
[WhiteElo "2040"]
[BlackElo "1799"]
[PlyCount "119"]
[EventDate "2009.04.07"]
[EventType "swiss"]
[EventRounds "9"]
[EventCountry "GER"]
[SourceTitle "EXT 2011"]
[Source "ChessBase"]
[SourceDate "2010.11.26"]
[SourceVersion "1"]
[SourceVersionDate "2010.11.26"]
[SourceQuality "1"]

1. e4 c6 2. Nc3 d5 3. Nf3 d4 4. Ne2 c5 5. c3 dxc3 6. bxc3 Qc7 7. d4 e6 8. d5 Nf6 9. Ng3 Be7 10. Bb5+ Bd7 11. Bxd7+ Nbxd7 12. c4 Nb6 13. 0-0 0-0 14. Qb3 Ne8 15. a4 e5 16. Rb1 Rb8 17. a5 Nd7 18. Nf5 Bf6 19. Bd2 Nd6 20. Nxd6 Qxd6 21. Ne1 b6 22. a6 Rbc8 23. Nc2 Nb8 24. Qa4 Rfd8 25. Na3 Qd7 26. Nb5 Re8 27. Ra1 Re7 28. Ra2 Qg4 29. f3 Qd7 30. Qc2 Rd8 31. Qb2 Qc8 32. Raa1 Qd7 33. Be3 Qe8 34. Rfb1 Red7 35. Qb3 Rc8 36. h3 Qd8 37. Bf2 Qe7 38. Nxa7 Rxa7 39. Qxb6 Ra8 40. Qb7 Qd8 41. d6 Nd7 42. a7 Nf8 43. Qd5 Nd7 44. Ra6 Qe8 45. Rb7 Bg5 46. Rc6 Rd8 47. Rcc7 Rac8 48. Rxd7 Rxd7 49. Rxd7 Qxd7 50. a8Q Rxa8 51. Qxa8+ Qd8 52. Qxd8+ Bxd8 53. Bxc5 f6 54. Bb4 Kf7 55. c5 Ke6 56. c6 Bb6+ 57. Kf1 h5 58. Ke2 g6 59. Kd3 f5 60. Kc4 1-0